Basement membrane profile of Keratocystic Odontogenic tumour /
Saved in:
| Main Author: | |
|---|---|
| Format: | Thesis Book |
| Language: | English |
| Published: |
2008.
|
| Subjects: | |
| Tags: |
Add Tag
No Tags, Be the first to tag this record!
|
| LEADER | 00933cam a2200241 a 4500 | ||
|---|---|---|---|
| 001 | u776597 | ||
| 003 | SIRSI | ||
| 005 | 200907301439 | ||
| 008 | 090730s2008 my a m 000 0 eng | ||
| 040 | |a UMG | ||
| 096 | |a WU500 |b UM 2008 Harm | ||
| 100 | 0 | |a Hartinie Muhamad | |
| 245 | 1 | 0 | |a Basement membrane profile of Keratocystic Odontogenic tumour / |c Hartinie Muhamad |
| 260 | |c 2008. | ||
| 300 | |a xviii, 121 leaves : |b col. ill. ; |c 30 cm. | ||
| 500 | |a Research report | ||
| 502 | |a Dissertation (M.Dent.Sc.) -- Jabatan Patologi Mulut, Perubatan Mulut dan Periodontologi, Fakulti Pergigian, Universiti Malaya, 2008. | ||
| 504 | |a Bibliography: leaves 103-120. | ||
| 650 | 1 | 2 | |a Odontogenic Cysts |
| 710 | 2 | |a Universiti Malaya. |b Jabatan Patologi Mulut, Perubatan Mulut dan Periodontologi. | |
| 900 | |a HA | ||
| 596 | |a 10 | ||
| 999 | |a WU500 UM 2008 HARM |w NLM |c 1 |i A503687881 |d 26/10/2009 |f 26/10/2009 |g 1 |l STACKS |m P10PERGIGI |r Y |s Y |t TESIS |u 22/10/2009 | ||
